Chansons et lettres (click quiz) - Statistiques

Statistiques générales
  • Ce quiz a été pris 107 fois
  • Le résultat moyen est 6 sur 8
Statistiques - réponses
Hint Réponse % Correct
... crois encore J
93%
Du rhum ... femmes D
89%
... que tu viens pour les vacances ? S
79%
Laissez-moi dans... C
78%
... du bon tabac G
74%
... près de ma blonde O
74%
La pou ... qui dit non P
64%
... tu l'aimes L
48%
Aucun quiz correspondant
Distribution des résultats
% des personnes avec chaque résultat
Percentile par nombre de réponses
Votre historique - résultats
Vous n’avez pas pris ce quiz